CORe : central offices research. - Spring 1991 - Winter 1991/2. (Record no. 93773)

MARC details
000 -LEADER
fixed length control field 00654cam a2200229 4500
001 - CONTROL NUMBER
control field B3497
008 - FIXED-LENGTH DATA ELEMENTS--GENERAL INFORMATION
fixed length control field 090401t xxu||||| |||| 00| 0 eng d
035 ## - SYSTEM CONTROL NUMBER
System control number (Sirsi) u56323
041 ## - LANGUAGE CODE
Language code of text/sound track or separate title eng
050 ## - LIBRARY OF CONGRESS CALL NUMBER
Classification number 333.33709421
110 ## - MAIN ENTRY--CORPORATE NAME
Corporate name or jurisdiction name as entry element Debenham Tewson and Chinnocks
9 (RLIN) 3135
245 ## - TITLE STATEMENT
Title CORe : central offices research. - Spring 1991 - Winter 1991/2.
260 ## - PUBLICATION, DISTRIBUTION, ETC.
Place of publication, distribution, etc. London
Name of publisher, distributor, etc. Debenham Tewson and Chinnocks
Date of publication, distribution, etc. 1991-92
300 ## - PHYSICAL DESCRIPTION
Extent 4 pt. ; 30cm.
350 ## - PRICE (NR) (BK AM CF MU VM SE) [OBSOLETE]
Price 0
520 ## - SUMMARY, ETC.
Summary, etc. Published quarterly. - Replaces Office Floorspace Surveys q.v.
650 ## - SUBJECT ADDED ENTRY--TOPICAL TERM
Topical term or geographic name entry element FLOORSPACE STATISTICS
650 ## - SUBJECT ADDED ENTRY--TOPICAL TERM
Topical term or geographic name entry element LONDON
650 ## - SUBJECT ADDED ENTRY--TOPICAL TERM
Topical term or geographic name entry element OFFICES
942 ## - ADDED ENTRY ELEMENTS (KOHA)
Suppress in OPAC 0
948 ## - LOCAL PROCESSING INFORMATION (OCLC); SERIES PART DESIGNATOR (RLIN)
c (OCLC) 04/03/1997
Holdings
Withdrawn status Lost status Source of classification or shelving scheme Damaged status Not for loan Home library Current library Shelving location Date acquired Total Checkouts Full call number Barcode Date last seen Copy number Price effective from Koha item type
    Dewey Decimal Classification     London London Property market reports 24/02/1992   PROPERTY MARKET REPORTS 30025915 06/08/2019 1 06/08/2019 Book
    Dewey Decimal Classification     London London Property market reports 02/01/1992   PROPERTY MARKET REPORTS 30028791 06/08/2019 2 06/08/2019 Book
    Dewey Decimal Classification     London London Property market reports 02/01/1992   PROPERTY MARKET REPORTS 30028792 06/08/2019 3 06/08/2019 Book
    Dewey Decimal Classification     London London Property market reports 02/01/1992   PROPERTY MARKET REPORTS 30028793 06/08/2019 4 06/08/2019 Book